000 01089cab a2200337 4500
001 ABS47885
008 090401t1993 xxu||||| |||| 00| 0 eng d
035 _a(Sirsi) u63883
041 _aeng
100 _aPeters, R.
245 _aWork equipment
260 _c1993
350 _a0
490 _aSolicitors` Journal
_v137(3) 29 January 1993, 62-63 (2)
520 _aRuns through the requirements of the Provision and Use of Work Equipment Regulations 1992 (PUWER), which implements EC Directive 89/655.
650 _aEC DIRECTIVES
650 _aED DIRECTIVE 89/655
650 _aEMPLOYERS LIABILITY (DEFECTIVE EQUIPMENT) ACT 1969
650 _aEMPLOYERS
650 _aEQUIPMENT
650 _aFACTORIES ACT 1961
650 _aHEALTH AND SAFETY
_96244
650 _aMINES AND QUARRIES ACT 1954
650 _aOFFICES SHOPS AND RAILWAY PREMISES ACT 1963
650 _aPROVISION AND USE OF WORK EQUIPMENT REGULATIONS 1992
650 _aPUWER
650 _aWORKPLACE MANAGEMENT
690 _aOFFICE SERVICES AND ADMINISTRATION
942 _n0
948 _c04/03/1997
999 _c39747
_d39747